Poor numbers how we are misled by african development statistics and what to do about it (Registro nro. 182662)

Detalles MARC
000 -ENCABEZADO
Número de control [NR] 00877 a2200229 4500
005 - FECHA Y HORA DE LA ÚLTIMA TRANSACCIÓN
control field 20140903174954.0
008 - DE LONGITUD FIJA DE DATOS DE ELEMENTOS - INFORMACIÓN GENERAL
Elementos de longitud fija [NR] 131121s2013 xxu frn 001 0 eng d
020 ## - NUMERO INTERNACIONAL NORMALIZADO PARA LIBROS [R]
Número Internacional Normalizado del libro [NR] 9780801451638
040 ## - FUENTE DE CATALOGACION [NR]
Agencia de catalogación original [NR] Co-BoUCM
Idioma de catalogación [NR] spa
Quien Cataloga
Quien Clasifica Aldemar Mondragón
041 00 - CODIGO DE IDIOMA [R]
Código de idioma para texto/pista de sonido o título separado [R] Inglés
100 1# - ASIENTO PRINCIPAL--NOMBRE PERSONAL [NR]
Nombre personal [NR] Jerven, Morten
ID Autoridad 50988
245 10 - MENCION DE TITULO [NR]
Título [NR] Poor numbers how we are misled by african development statistics and what to do about it
Mención de responsabilidad, etc. [NR] Morten Jerven
260 ## - PUBLICACION, DISTRIBUCION, ETC. (PIE DE IMPRENTA) [R]
Nombre del editor, distribuidor, etc. [R] Cornell University Press
Lugar de publicación, distribución, etc. [R] Ithaca
Fecha de publicación, distribución, etc. [R] 2013
300 ## - DESCRIPCION FISICA [R]
Extensión [R] xx, 187 páginas
504 ## - NOTA DE BIBLIOGRAFIA, ETC. [R]
Nota de bibliografía, etc. [NR] Incluye referencias bibliográficas e índices
650 #7 - ASIENTO SECUNDARIO DE MATERIA - TERMINO TEMATICO [R]
Término temático o nombre geográfico como elemento de entrada [NR] Desarrollo económico
Subdivisión geográfica [R] África
9 (RLIN) 51394
650 #7 - ASIENTO SECUNDARIO DE MATERIA - TERMINO TEMATICO [R]
Término temático o nombre geográfico como elemento de entrada [NR] Distribución del ingreso
Subdivisión geográfica [R] África
9 (RLIN) 51395
651 #4 - ASIENTO SECUNDARIO DE MATERIA - NOMBRE GEOGRAFICO [R]
Nombre geográfico [NR] África
Subdivisión general [R] Condiciones económicas
9 (RLIN) 51396
690 ## - ASUNTO AGREGADO LOCAL DE ENTRADA - TÉRMINO TEMÁTICO (OCLC, RLIN)
9 (RLIN) 42791
Acceso temático local Desarrollo económico
942 ## - ELEMENTOS DE ENTRADA AGREGADOS (KOHA)
Tema principal Economía
Tipo de ítem principal el descrito en 300a Libro
Edición 1
Parte restante de la signatura top. J57p
Sistema de clasificación DEWEY
Clasificación 338.967
Existencias
Total préstamos Signatura topográfica Código de barras Última vez visto Ejemplar Costo de reposición Price effective from Tipo de ítem Perdido Dañado No prestable Tipo de ítem específico Suprimido Ubicación habitual Ubicación actual Localización Fecha de creación Proveedor Forma de adquisición Costo
  338.967 J57p 100137737 04/12/2025 Ej.1 35800.00 05/11/2013 Libro       Libro   Claustro Claustro Mezanine 05/11/2013 15 Compra 35800.00
  338.967 J57p 100137784 04/12/2025 Ej.2 35800.00 06/11/2013 Libro       Libro   Claustro Claustro Mezanine 06/11/2013 15 Compra 35800.00